En boucle - Adèle Castillon ft. Zamdan paroles - Statistics

General Stats
  • This quiz has been taken 77 times
  • The average score is 167 of 307
Answer Stats
Answer % Correct
je
93%
“Je
93%
à
89%
a
89%
Ça
89%
ça
89%
toi,
88%
toi
88%
et
86%
tu
86%
pense
84%
que
84%
est
82%
penses
82%
quand
82%
fois
80%
les
80%
nous ?
80%
nous
80%
ce
79%
en
79%
fait
79%
mille
79%
au
77%
boucle
77%
moins
77%
la
73%
73%
est-ce
70%
dans
68%
l’histoire
68%
court
64%
nuit
64%
de
63%
fais
63%
rues,
63%
mes
59%
quoi ?
57%
carnets
55%
des
54%
mon
54%
pas
54%
qu’j’écris
54%
te
52%
y
50%
j’ai
46%
yeux
46%
ma
45%
on
45%
un
45%
ne
41%
notes
41%
passé
41%
recommencer
41%
t’aime”,
41%
tous
41%
toutes
41%
une
41%
as
39%
erreurs
39%
pris
39%
clope,
38%
l’air
38%
paresseux
38%
ai
36%
prend
36%
s’dit
36%
tête,
34%
voir
34%
j’vais
32%
l’ennui
32%
pote
32%
s’émerveille,
32%
c’est
30%
comme
30%
d’l’effet
30%
gommés
30%
qu’ça
30%
si
30%
humeurs
29%
j’allume
29%
m’fait
29%
j’les
27%
peurs,
27%
sur
27%
difficile
25%
mais
25%
(mais
25%
sais
25%
mal,
23%
même
23%
Pardonne-moi,
23%
qui
23%
c’que
21%
dire,
21%
dire
21%
d’un
21%
faire
21%
jetées
21%
malheurs,
21%
avec
20%
dur
20%
l’coeur
20%
loin
20%
meurs
20%
20%
suffit
20%
dit
18%
donner
18%
mieux
18%
peux
18%
qu’c’est
18%
qu’on
18%
qu’tu
18%
brouille
16%
crois-moi
16%
Dieu
16%
faut
16%
finit
16%
honnête
16%
j’voudrais
16%
lourd
16%
m’aidera
16%
ni
16%
pour
16%
bella
14%
bras
14%
cas,
14%
c’moment
14%
d’être
14%
d’toi
14%
jour
14%
jour)
14%
j’peux
14%
oh,
14%
personne
14%
prendre
14%
promis
14%
rester
14%
soin
14%
d’moi
13%
draps
13%
entre
13%
j’n’ai
13%
j’sais
13%
sous
13%
t’enlèvera
13%
aujourd’hui
11%
garder
11%
installée
11%
j’t’assure
11%
nouveau
11%
occupe-toi
11%
oublie
11%
partage
11%
qu’t’es
11%
secrets
11%
s’rapprocher,
11%
viens
11%
c’qu’on
9%
toi-même
9%
No matching quizzes found
Score Distribution
Percent of People with Each Score
Percentile by Number Answered
Your Score History
You have not taken this quiz